| 000 | 01280nam a22002895a 4500 | ||
|---|---|---|---|
| 003 | OSt | ||
| 005 | 20170301104800.0 | ||
| 008 | 170226s2006 ua frb 000 0 ara d | ||
| 015 | _a2001 / 16184 | ||
| 020 | _a9770435988 | ||
| 040 |
_aEG-ScBUE _bara _cEG-ScBUE |
||
| 043 |
_af-ua--- _ae-fr--- |
||
| 082 | 0 | 4 |
_a345.05 _bإ ب ر _222 |
| 100 | 1 | _aإبراهيم، مدحت محمد عبد العزيز. | |
| 245 | 1 | 2 |
_aالأمر الجنائي : _bدراسة تحليلية مقارنة بين التشريعين المصري والفرنسي طبقا لأحدث التعديلات المدخلة بالقانون رقم (174) لسنة 1998 / _cمدحت محمد عبد العزيز إبراهيم. |
| 250 | _aط. 1. | ||
| 260 |
_aالقاهرة : _bدار النهضة العربية، _c2006. |
||
| 300 |
_a383 ص. ؛ _c24 سم. |
||
| 504 | _aيشتمل على إرجاعات ببليوجرافية. | ||
| 650 | 7 |
_2BUEsh _aالقانون الجنائي _zفرنسا |
|
| 650 | 7 |
_2BUEsh _aالقانون الجنائي _941146 _zمصر. |
|
| 650 | 7 |
_2BUEsh _aقانون الإجراءات الجنائية _941140 _zمصر. |
|
| 650 | 7 |
_2BUEsh _aقانون الإجراءات الجنائية. _zفرنسا. |
|
| 651 | _2BUEsh | ||
| 653 |
_bLLAAWW _cFebruary2017 |
||
| 942 | _2ddc | ||
| 999 |
_c24292 _d24264 |
||